000 00387nam a2200157Ia 4500
008 151213s9999 xx 000 0 und d
100 _aJohn .F,. Danby
245 _aThe Simple Words Worth
_cJohn .F,. Danby
250 _a18th
260 _aLondon
_bKegan Paul
_c1807
300 _a4328 p.
650 _aLiterature
650 _aLiterature
700 _aJohn .F,. Danby
999 _c2742
_d2742